THE SOCIAL WORLD (Record no. 3421)

000 -LEADER
fixed length control field 00284nam a22001097a 4500
008 - FIXED-LENGTH DATA ELEMENTS--GENERAL INFORMATION
fixed length control field 151009b xxu||||| |||| 00| 0 eng d
020 ## - INTERNATIONAL STANDARD BOOK NUMBER
International Standard Book Number 0879011688.
082 ## -
Classification number 301 SOC
100 ## - MAIN ENTRY--PERSONAL NAME
Personal name ROBERTSON IAN (ed)
245 ## - TITLE STATEMENT
Title THE SOCIAL WORLD
260 ## - PUBLICATION, DISTRIBUTION, ETC. (IMPRINT)
Place of publication, distribution, etc. NEW YORK:
Name of publisher, distributor, etc. WORTH PUBLISHERS, INC.,
Date of publication, distribution, etc. 1981.

No items available.

IRDP © 2019 :: Managed by IRDP ICT Unit